<?xml version="1.0" encoding="UTF-8"?>
<collection xmlns="http://www.loc.gov/MARC21/slim">
 <record>
  <leader>01233pamaa2200229   4500</leader>
  <controlfield tag="001">0000050957</controlfield>
  <controlfield tag="005">20130111090000.0</controlfield>
  <controlfield tag="008">130111                             eng  </controlfield>
  <datafield tag="020" ind1="0" ind2="0">
   <subfield code="a">9780525950202 (hbk.) </subfield>
  </datafield>
  <datafield tag="090" ind1="0" ind2="0">
   <subfield code="a">HC435.3 </subfield>
   <subfield code="b">RAI 2007</subfield>
  </datafield>
  <datafield tag="100" ind1="1" ind2="0">
   <subfield code="a">Rai </subfield>
  </datafield>
  <datafield tag="245" ind1="1" ind2="0">
   <subfield code="a">Think India : </subfield>
   <subfield code="b">the rise of the world?s next superpower and what it means for every American  </subfield>
   <subfield code="c">Vinay Rai and William L. Simon.</subfield>
  </datafield>
  <datafield tag="260" ind1="0" ind2="0">
   <subfield code="a">New York: </subfield>
   <subfield code="b">Dutton, </subfield>
   <subfield code="c">2007..</subfield>
  </datafield>
  <datafield tag="300" ind1=" " ind2=" ">
   <subfield code="a">xv, 284 p.: </subfield>
   <subfield code="b">ill., maps; </subfield>
   <subfield code="c">24 cm.</subfield>
  </datafield>
  <datafield tag="504" ind1="0" ind2="0">
   <subfield code="a">Includes bibliographical references (p. 259-272) and index</subfield>
  </datafield>
  <datafield tag="505" ind1="0" ind2="0">
   <subfield code="a">Welcome to India -- What makes India click? : a nation?s unparalleled growth -- A slumbering elephant awakens -- India: shaped by its history -- Friends and tigers: the United States, India, and China -- India?s growing global muscle -- Understanding Indians: philosophy, attitudes, etiquette -- Incredible India -- A tale of two Indias : the challenges of extreme poverty -- The Indian century</subfield>
  </datafield>
  <datafield tag="650" ind1="0" ind2="0">
   <subfield code="a">India -- </subfield>
   <subfield code="x">Economic policy -- </subfield>
   <subfield code="y">1991- </subfield>
  </datafield>
  <datafield tag="650" ind1="0" ind2="0">
   <subfield code="a">India -- </subfield>
   <subfield code="x">Economic conditions -- </subfield>
   <subfield code="y">1991- </subfield>
  </datafield>
  <datafield tag="650" ind1="0" ind2="0">
   <subfield code="a">India -- </subfield>
   <subfield code="x">Foreign economic relations </subfield>
  </datafield>
  <datafield tag="650" ind1="0" ind2="0">
   <subfield code="a">India -- </subfield>
   <subfield code="y">Commerce </subfield>
  </datafield>
  <datafield tag="700" ind1="1" ind2="1">
   <subfield code="a">Simon, </subfield>
   <subfield code="h">William L. </subfield>
  </datafield>
  <datafield tag="901" ind1=" " ind2=" ">
   <subfield code="u">http://www.penguin.com</subfield>
  </datafield>
 </record>
</collection>
